Planet earth and the new geoscience /
Guardado en:
| Autor Principal: | |
|---|---|
| Autor Corporativo: | |
| Otros Autores: | |
| Formato: | Libro |
| Idioma: | English |
| Publicado: |
Dubuque, Iowa :
Kendall/Hunt Pub. Co.,
c1998.
|
| Edición: | 3rd ed. |
| Etiquetas: |
Agregar Etiqueta
Sin Etiquetas, Sea el primero en etiquetar este registro!
|
| LEADER | 01140nam a2200265 a 4500 | ||
|---|---|---|---|
| 001 | EEA.libagro010216 | ||
| 005 | 20180601122853.0 | ||
| 008 | 981030s1998####iauab####b####001#0#eng## | ||
| 010 | |a 98066442 | ||
| 020 | |a 0787242969 | ||
| 040 | |a DLC |c DLC | ||
| 050 | 0 | 0 | |a QE26.2 |b .S38 1998 |
| 082 | 0 | 0 | |a 910.02 |
| 100 | 1 | |a Schmidt, Victor A. | |
| 245 | 1 | 0 | |a Planet earth and the new geoscience / |c Victor A. Schmidt, William Harbert. |
| 250 | |a 3rd ed. | ||
| 260 | |a Dubuque, Iowa : |b Kendall/Hunt Pub. Co., |c c1998. | ||
| 300 | |a xiv, 418 p. : |b il., mapas ; |c 28 cm. + |e 1 CD. | ||
| 500 | |a "[Produced] through the University External Studies Program, University of Pittsburgh, in coordination with the television series Planet earth produced by the WQED/Pittsburgh in association with the National Academy of Sciences." | ||
| 500 | |a Un par de gafas estereográficas. | ||
| 504 | |a Incluye referencias bibliográficas e índice. | ||
| 700 | 1 | |a Harbert, William. | |
| 710 | 2 | |a University of Pittsburgh. |b University External Studies Program. | |
| 730 | 0 | |a Planet earth (Television program) | |
| 859 | |a AR-BbBCA |b BIB. AGRONOMIA |h 910.02 |i S454 |p 2002/4376 | ||
